000 00345nam a2200157Ia 4500
008 210210b1947 xxu||||| |||| 00| 0 eng d
041 _aeng
082 _a334/65
100 _aSUNDARAM (L)
245 _aUnion finances
260 _aBombay
_b-
_c1947
650 _aUnion
650 _afinances
690 _aPublic Finance
906 _a004329
999 _c124384
_d124384